Statystyki dla Rozpoznaj kreskówkę po danej postaci.

Kliknij tutaj aby rozwiązać quiz!

Ogólne statystyki

  • Ten quiz został rozwiązany 255 razy
  • Średni wynik to 8 z 15

Statystyki odpowiedzi

PostaćKreskówka% Poprawnych
Skalmar (Obłynos)SpongeBob
93%
JerryTom i Jerry
87%
Velma (Dinkley)Scooby Doo
81%
Darwin (Watterson)Niesamowity Świat Gumballa
73%
Królewna BalonowaPora na przygodę
62%
KurczakKrowa i Kurczak
61%
Eustachy (Motyka)Chojrak - Tchórzliwy Pies
56%
DeskaEd Edd i Eddy
56%
Dipper (Pines)Wodogrzmoty Małe
48%
Buford (Van Stomm)Fineasz i Ferb
46%
Hieronim (Harmidowski)Harmidom
46%
Max (Tennyson)Ben 10
39%
Pizza SteveWujcio Dobra Rada
32%
Barney (Rubble)Flintstonowie
22%
Yosemite (Sam)Zwariowane Melodie
20%

Rozkład punktacji

Percentyl według liczby udzielonych odpowiedzi

Procent ludzi z każdym wynikiem

Twoja historia wyników

Nie rozwiązałeś tego quizu